| 000 | 00465cam a2200169ua 4500 | ||
|---|---|---|---|
| 020 |
_a81-85938-27-X _c149.00 |
||
| 041 |
_aeng _h |
||
| 082 |
_a551.48072 _bHAA/ST |
||
| 100 | _aHaan, Charles T . | ||
| 245 |
_aStatistical methods in hydrology / _cCharles T Haan. _hTextual Documents |
||
| 260 |
_aNew Delhi : _bAffiliated East West Press Pvt Ltd , _c1994. |
||
| 300 | _a378 ; . | ||
| 365 | _a149.00 | ||
| 504 | _a | ||
| 942 | _cBK | ||
| 999 |
_c10802 _d10802 |
||